Estudios sobre la Baja Extremadura / Antonio Manuel Barragán-Lancharro ; [prólogo: Felipe Lozenzana de la Puente] Felipe Lozenzana de la Puente]
MARC
| LEADER | 00000nam a2200000Ia 4500 | ||
|---|---|---|---|
| 001 | 21289 | ||
| 003 | BGR | ||
| 005 | 20260324180029.0 | ||
| 008 | 160829s2009 xx 000 0 cat d | ||
| 020 | |a 978-84-9852-153-5 | ||
| 080 | |a H-3-74 | ||
| 100 | |a Barragán-Lancharro, Antonio Manuel |9 44346 | ||
| 245 | |a Estudios sobre la Baja Extremadura / Antonio Manuel Barragán-Lancharro ; [prólogo: |b Felipe Lozenzana de la Puente] | ||
| 260 | |a Badajoz : |b Junta de Extremadura. Consejería de Cultura y Turismo. Archivo Histórico Provincial de Badajoz, |c 2009 | ||
| 300 | |a 501 p. : |b il. col. ; |c 24 cm | ||
| 590 | |a Bibliografia | ||
| 650 | |a Extremadura |x Història |9 44347 | ||
| 650 | |a Badajoz |x Història |9 44348 | ||
| 650 | |a Pintura espanyola I |9 44349 | ||
| 650 | |a Badajoz |x Història |x 1931-1939, Segona República |9 44350 | ||
| 700 | 1 | |a Lorenzana de la Puente, Felipe |9 44351 | |
| 710 | 1 | |a Extremadura. |b Consejería de Cultura y Turismo |9 54128 | |
| 710 | 1 | |a Archivo Histórico Provincial de Badajoz |9 70427 | |
| 901 | |a Arxiu | ||
| 942 | |n 1 |2 udc |c MON | ||
| 952 | |0 0 |1 0 |4 0 |6 H374 |7 1 |9 51903 |a Arxiu |b Arxiu |d 2016-12-01 |l 0 |o H-3-74 |p 21289 |r 2016-12-01 00:00:00 |w 2016-12-01 |y ARXIU | ||
| 999 | |c 55749 |d 55749 | ||